000 00799nam a22002771 4500
001 17375
003 BD-RjUL
005 20211209000129.0
008 140216s1959 enk b 001 0 eng d
035 _a(BD-RjUL)17433
035 _a(OCoLC)4511355
040 _aDLC
_cOCl
_dDLC
_dBD-RjUL
_beng
041 _aeng
082 0 0 _a759.954
_bARI 1959
100 1 _aArcher, W. G.,
_q(William George),
_d1907-1979.
_953540
245 1 0 _aIndia and modern art /
_cW. G. Archer.
260 _aNew York :
_bMacmillan,
_c1959.
300 _a143 p. ;
_c26 cm.
504 _aIncludes bibliographical references and indexes.
650 0 _aPainting, Indic.
_953541
650 0 _aPainting, Indic.
_953542
650 0 _aModernism (Art)
_951713
942 _2ddc
_cBK
999 _c17375
_d17375